| 000 | 00710nam a2200289Ia 4500 | ||
|---|---|---|---|
| 001 | Z_4205 | ||
| 003 | CHAP | ||
| 008 | 220113s1977 xx 000 0 und d | ||
| 010 | _a167268 | ||
| 040 | _cCHAP | ||
| 082 | _a633.1 F3y | ||
| 100 |
_aFAO _9137368 |
||
| 245 |
_aTecnología de la semilla de cereales; manual de producción, control de calidad y distribución de semillas de cereales / _cpor FAO |
||
| 260 |
_aRoma : _bFAO, _c1977 |
||
| 300 | _a260 p. | ||
| 440 | _a | ||
| 500 | _a | ||
| 503 | _a | ||
| 650 |
_aCereales _xSemilla _921465 |
||
| 650 |
_aSemillas _xRendimiento _9103930 |
||
| 901 | _a633.1 F3y | ||
| 902 | _aA | ||
| 910 | _a1977 | ||
| 942 | _c1 | ||
| 942 | _cc1 | ||
| 999 |
_c167268 _d167268 |
||